Raj to swaraj / (Record no. 151143)

MARC details
000 -LEADER
fixed length control field 00575nam a22001815a 4500
005 - DATE AND TIME OF LATEST TRANSACTION
control field 20180412171730.0
010 ## - LCCN (DPL NO)
LC control number B-690778-779
020 ## - INTERNATIONAL STANDARD BOOK NUMBER
International Standard Book Number 9788170495413
Terms of availability 995.00
035 ## - SYSTEM CONTROL NUMBER
System control number B-690778-779
082 ## - DEWEY DECIMAL CLASSIFICATION NUMBER
Classification number 355.0092
100 ## - MAIN ENTRY--PERSONAL NAME
Personal name Sinha ,S.K.
245 ## - TITLE STATEMENT
Title Raj to swaraj /
Statement of responsibility, etc by S.K.Sinha
260 ## - PUBLICATION, DISTRIBUTION, ETC. (IMPRINT)
Place of publication, distribution, etc New Delhi :
Name of publisher, distributor, etc Manas Publications,
Date of publication, distribution, etc 2017
300 ## - PHYSICAL DESCRIPTION
Extent 416. ;
Dimensions 22cm(Hb)
500 ## - GENERAL NOTE
General note Balidani
942 ## - ADDED ENTRY ELEMENTS (KOHA)
Source of classification or shelving scheme Dewey Decimal Classification
Item type English Books
Call number suffix SUS
Classification part 355.0092
Holdings
Withdrawn status Lost status Not for loan Collection code Home library Current library Date acquired Source of acquisition Cost, normal purchase price Full call number Barcode Copy number Cost, replacement price Koha item type Public note
      Non-fiction Central Library Central Library 12/04/2018 /MP-145/06.03.2018/791/19.03.2018/09.03.2018 995.00 355.0092 SIN B-690778 1 995.00 English Books Balidani
      Non-fiction Sarojini Nagar Sarojini Nagar 12/04/2018 /MP-145/06.03.2018/791/19.03.2018/09.03.2018 995.00 355.0092 SIN B-690779 1 995.00 English Books Balidani

© Delhi Public Library
Hit Counter
free hit counter